Statistics for Countries by Initial Letter and Continent #1

Click here to take the quiz!

General Stats

  • This quiz has been taken 128,526 times
  • The average score is 16 of 20

Answer Stats

LetterContinentCountry% Correct
DEuropeDenmark
96%
QAsiaQatar
96%
USouth AmericaUruguay
94%
VSouth AmericaVenezuela
91%
UAfricaUganda
89%
HEuropeHungary
87%
JNorth AmericaJamaica
85%
NNorth AmericaNicaragua
83%
ESouth AmericaEcuador
82%
EEuropeEstonia
80%
GSouth AmericaGuyana
77%
KOceaniaKiribati
77%
VOceaniaVanuatu
77%
VAsiaVietnam
76%
KAfricaKenya
71%
PNorth AmericaPanama
70%
ENorth AmericaEl Salvador
69%
KEuropeKosovo
67%
EAsiaEast Timor
56%
GAsiaGeorgia
55%

Score Distribution

Percentile by Number Answered

Percent of People with Each Score

Your Score History

You have not taken this quiz